[Event "CAN-ch (Women)"]
[Site "Toronto"]
[Date "2023.04.06"]
[Round "1"]
[White "Zhao, Erin"]
[Black "Hua, Michelle"]
[Result "1-0"]
[WhiteElo "1559"]
[BlackElo "1752"]
[PlyCount "89"]
[EventDate "2023.04.06"]
[EventType "swiss"]
[EventRounds "9"]
[EventCountry "CAN"]
[SourceTitle "CBM 213 Extra"]
[Source "ChessBase"]
[SourceDate "2023.05.31"]
[SourceVersion "1"]
[SourceVersionDate "2023.05.31"]
[SourceQuality "1"]

1. e4 c5 2. Nf3 d6 3. d4 cxd4 4. Nxd4 Nf6 5. Nc3 g6 6. Be2 Bg7 7. 0-0 0-0 8. Be3 Nc6 9. f3 d5 10. exd5 Nxd5 11. Nxd5 Qxd5 12. Nxc6 Qxc6 13. c3 Bf5 14. Qb3 Qc7 15. Bf2 Be5 16. g3 Bh3 17. Rfe1 h5 18. Qc4 Qxc4 19. Bxc4 Bf6 20. Rad1 Kg7 21. Bd4 Rfd8 22. Rxe7 Bxd4+ 23. Rxd4 Rxd4 24. cxd4 Rc8 25. Rxf7+ Kh6 26. b3 b5 27. Bxb5 Rc2 28. a4 Rg2+ 29. Kf1 Rxg3+ 30. Ke2 Rg2+ 31. Ke3 Be6 32. Rxa7 Rxh2 33. Bc4 Bf5 34. d5 Rh1 35. Bd3 Bxd3 36. Kxd3 Rd1+ 37. Ke4 h4 38. Ra8 Kg5 39. Rh8 Re1+ 40. Kd3 Rd1+ 41. Kc4 Rc1+ 42. Kb4 Rd1 43. Kc5 Rd3 44. d6 Rxf3 45. d7 1-0

[Event "Kingston Canada zt (Women)"]
[Site "Kingston"]
[Date "2022.04.18"]
[Round "9"]
[White "Hua, Michelle"]
[Black "Wang, Rachel Zihan"]
[Result "1-0"]
[WhiteElo "1665"]
[BlackElo "1561"]
[PlyCount "99"]
[EventDate "2022.04.13"]
[EventType "swiss"]
[EventRounds "9"]
[EventCountry "CAN"]
[SourceTitle "CBM 207 Extra"]
[Source "ChessBase"]
[SourceDate "2022.05.31"]
[SourceVersion "1"]
[SourceVersionDate "2022.05.31"]
[SourceQuality "1"]

1. d4 d5 2. Bf4 Nf6 3. Nf3 c5 4. e3 Nc6 5. c3 Qb6 6. Qb3 c4 7. Qc2 Bf5 8. Qc1 e6 9. Nbd2 Qd8 10. h3 Bd6 11. Bxd6 Qxd6 12. Be2 0-0 13. 0-0 b5 14. Bd1 b4 15. Bc2 Bxc2 16. Qxc2 Rfb8 17. e4 Nd7 18. Rfb1 a5 19. e5 Qe7 20. b3 cxb3 21. Rxb3 a4 22. Rbb1 Rc8 23. c4 dxc4 24. Qxc4 Nb6 25. Qd3 Nd5 26. Ne4 Na5 27. Nfd2 Qc7 28. Rc1 Qb6 29. Nc5 Nc3 30. Nde4 Nxe4 31. Qxe4 Nc6 32. Rab1 Ne7 33. Rc3 Nd5 34. Rg3 Qc6 35. Qg4 g6 36. Rb2 b3 37. axb3 a3 38. Rb1 Nb4 39. Rc3 Qb5 40. Qf3 Qc6 41. Ne4 Qb6 42. Nc5 Qc6 43. Qe2 Qd5 44. Rc4 Rcb8 45. Ne4 a2 46. Ra1 Qa5 47. Qd2 Qa3 48. Qh6 f5 49. Nf6+ Kf7 50. Rc7# 1-0

[Event "Kingston Canada zt (Women)"]
[Site "Kingston"]
[Date "2022.04.16"]
[Round "6"]
[White "Hua, Michelle"]
[Black "Botez, Alexandra"]
[Result "0-1"]
[WhiteElo "1665"]
[BlackElo "2020"]
[PlyCount "98"]
[EventDate "2022.04.13"]
[EventType "swiss"]
[EventRounds "9"]
[EventCountry "CAN"]
[SourceTitle "CBM 207 Extra"]
[Source "ChessBase"]
[SourceDate "2022.05.31"]
[SourceVersion "1"]
[SourceVersionDate "2022.05.31"]
[SourceQuality "1"]

1. d4 Nf6 2. Bf4 g6 3. Nc3 d5 4. Nb5 Na6 5. e3 Bg7 6. Nf3 0-0 7. h3 Ne4 8. Nc3 Nxc3 9. bxc3 c5 10. Bxa6 bxa6 11. 0-0 h6 12. Be5 f6 13. Bh2 c4 14. Re1 Bb7 15. Qb1 Bc6 16. Qb4 Rc8 17. Rab1 Re8 18. Qa3 a5 19. Qc1 a4 20. Nh4 Kh7 21. Qd1 Qd7 22. Qg4 Qxg4 23. hxg4 a3 24. f4 e6 25. f5 g5 26. Nf3 exf5 27. gxf5 h5 28. Kf2 Bd7 29. Rb7 Bxf5 30. Reb1 Bxc2 31. R1b5 Kg6 32. Rxa7 Ra8 33. Rba5 Rxa7 34. Rxa7 Bf8 35. Nd2 Re6 36. Rb7 Bd6 37. Bxd6 Rxd6 38. Ra7 Rb6 39. Rxa3 Rb2 40. Kg3 h4+ 41. Kh2 Bd3 42. Nf3 Bf1 43. Ra6 Bxg2 44. Ne5+ Kf5 45. Nd7 Bf3+ 46. Kg1 Kg4 47. Rb6 Rxa2 48. Nxf6+ Kg3 49. Rb1 h3 0-1

[Event "Kingston Canada zt (Women)"]
[Site "Kingston"]
[Date "2022.04.14"]
[Round "2"]
[White "Demchenko, Svitlana"]
[Black "Hua, Michelle"]
[Result "1-0"]
[WhiteElo "2079"]
[BlackElo "1665"]
[PlyCount "89"]
[EventDate "2022.04.13"]
[EventType "swiss"]
[EventRounds "9"]
[EventCountry "CAN"]
[SourceTitle "CBM 207 Extra"]
[Source "ChessBase"]
[SourceDate "2022.05.31"]
[SourceVersion "1"]
[SourceVersionDate "2022.05.31"]
[SourceQuality "1"]

1. e4 c5 2. Nf3 d6 3. d4 cxd4 4. Nxd4 Nf6 5. Nc3 g6 6. Be3 Bg7 7. f3 0-0 8. Qd2 Nc6 9. 0-0-0 d5 10. exd5 Nxd5 11. Nxc6 bxc6 12. Bd4 Qc7 13. h4 e5 14. Bc5 Rd8 15. Ne4 Bf5 16. Bc4 Bxe4 17. fxe4 Nb6 18. Qa5 Bf8 19. Be3 Rxd1+ 20. Rxd1 Rd8 21. Rf1 Rd7 22. Bb3 c5 23. Qb5 Qd8 24. a4 c4 25. Bxb6 Bh6+ 26. Kb1 Rd1+ 27. Ka2 cxb3+ 28. Qxb3 axb6 29. Qxf7+ Kh8 30. Rxd1 Qxd1 31. Qe8+ Kg7 32. Qxe5+ Kf7 33. Qc7+ Kf6 34. Qxb6+ Ke5 35. Qc7+ Kxe4 36. Qxh7 Qd5+ 37. b3 Qh5 38. g4 Qxh4 39. Qxg6+ Kf3 40. Qh5 Qg5 41. Qxg5 Bxg5 42. b4 Kxg4 43. a5 Kf5 44. c4 Ke6 45. a6 1-0

[Event "Kingston Easter U1900"]
[Site "Kingston"]
[Date "2019.04.22"]
[Round "9.27"]
[White "Hua, Michelle"]
[Black "Sharma, Vishruth"]
[Result "1/2-1/2"]
[WhiteElo "1815"]
[BlackElo "1745"]
[PlyCount "78"]
[EventDate "2019.04.18"]
[EventType "swiss"]
[EventRounds "9"]
[EventCountry "CAN"]
[SourceTitle "EXT 2022"]
[Source "ChessBase"]
[SourceDate "2021.10.06"]
[SourceVersion "1"]
[SourceVersionDate "2021.10.06"]
[SourceQuality "1"]

1. c4 Nf6 2. g3 c6 3. Bg2 d5 4. cxd5 cxd5 5. Nf3 Bf5 6. 0-0 e6 7. d4 Bd6 8. Nc3 0-0 9. Nb5 Be7 10. Bf4 Nc6 11. Nc3 Rc8 12. Nh4 Bg4 13. f3 Bh5 14. g4 Bg6 15. Nxg6 hxg6 16. Be3 Qb6 17. Rb1 Na5 18. Bf2 Rc4 19. Qd3 Rfc8 20. e3 Qc6 21. Be1 b6 22. Bd2 Nb7 23. Rfc1 Qd7 24. b3 R4c6 25. Kh1 Ba3 26. Rc2 Nd6 27. Bc1 Bxc1 28. Rbxc1 Qc7 29. Bf1 Qb7 30. Qd2 b5 31. Bd3 a6 32. Ne2 Rxc2 33. Rxc2 Kf8 34. Nc1 Rxc2 35. Qxc2 Qc8 36. Qxc8+ Nxc8 37. Bc2 Ke7 38. Nd3 Nd7 39. Kg1 Kd6 1/2-1/2

[Event "Ontario-ch U20 U1800"]
[Site "Mississauga"]
[Date "2019.01.13"]
[Round "4.9"]
[White "Sharma, Vishruth"]
[Black "Hua, Michelle"]
[Result "1-0"]
[WhiteElo "1641"]
[BlackElo "1731"]
[PlyCount "87"]
[EventDate "2019.01.12"]
[EventType "swiss"]
[EventRounds "5"]
[EventCountry "CAN"]
[SourceTitle "EXT 2022"]
[Source "ChessBase"]
[SourceDate "2021.10.06"]
[SourceVersion "1"]
[SourceVersionDate "2021.10.06"]
[SourceQuality "1"]

1. e4 c5 2. Nf3 d6 3. d4 cxd4 4. Nxd4 Nf6 5. Nc3 g6 6. Be3 Bg7 7. f3 0-0 8. Qd2 Nc6 9. Bc4 Bd7 10. 0-0-0 Ne5 11. Bb3 Qa5 12. Kb1 Rfc8 13. Bh6 a6 14. Bxg7 Kxg7 15. g4 b5 16. g5 Nh5 17. Nd5 Qd8 18. f4 Nc4 19. Bxc4 Rxc4 20. f5 Bc6 21. Nxc6 Rxc6 22. Rhf1 f6 23. Rf3 Rac8 24. c3 a5 25. Rdf1 Qf8 26. b3 Qf7 27. Qd4 Rf8 28. h4 Rc5 29. Kb2 Rcc8 30. fxg6 hxg6 31. Qa7 e6 32. Qxf7+ Rxf7 33. Nxf6 Nxf6 34. Rxf6 Rcf8 35. Rxf7+ Rxf7 36. Rxf7+ Kxf7 37. c4 b4 38. Kc2 e5 39. Kd3 Ke6 40. c5 dxc5 41. Kc4 Kd6 42. Kb5 c4 43. Kxc4 Kc6 44. h5 1-0

[Event "Ontario-ch U20 U1800"]
[Site "Mississauga"]
[Date "2019.01.12"]
[Round "3.8"]
[White "Hua, Michelle"]
[Black "Gauthier, David1111"]
[Result "1-0"]
[WhiteElo "1731"]
[BlackElo "1627"]
[PlyCount "113"]
[EventDate "2019.01.12"]
[EventType "swiss"]
[EventRounds "5"]
[EventCountry "CAN"]
[SourceTitle "EXT 2022"]
[Source "ChessBase"]
[SourceDate "2021.10.06"]
[SourceVersion "1"]
[SourceVersionDate "2021.10.06"]
[SourceQuality "1"]

1. c4 Nf6 2. g3 c6 3. Bg2 d5 4. cxd5 cxd5 5. Nf3 Nc6 6. 0-0 e5 7. d3 Be7 8. Nc3 0-0 9. b3 Bf5 10. Bb2 d4 11. Nb1 Rc8 12. Nbd2 b5 13. a3 Re8 14. Rc1 Qd7 15. b4 Bd6 16. Nb3 Bh3 17. Nc5 Bxc5 18. Rxc5 Bxg2 19. Kxg2 Qb7 20. Qb3 Nd7 21. Rc2 Nb6 22. Rfc1 Kh8 23. Kg1 Rf8 24. Ng5 h6 25. Ne4 Qe7 26. Rxc6 Rxc6 27. Rxc6 f5 28. Nc5 f4 29. Qe6 Qg5 30. Ne4 Qh5 31. g4 Qh4 32. Qg6 Nc8 33. Rc7 Ne7 34. Qe6 Nd5 35. Qxd5 Qxg4+ 36. Kf1 f3 37. Ng3 Qh3+ 38. Ke1 fxe2 39. Kxe2 Qg4+ 40. Ke1 Qf4 41. Rc2 Qh4 42. Qg2 Qf6 43. Ne4 Qe6 44. Rc7 Rg8 45. Qg3 Qb3 46. Bc1 Qe6 47. Qh4 Qb6 48. Re7 Qc6 49. Bd2 Qg6 50. Ke2 Rf8 51. Rxa7 Qf5 52. Qg3 Qh5+ 53. Ke1 Rg8 54. Nd6 e4 55. Nxe4 Qd5 56. Qg6 Qe5 57. Bxh6 1-0

[Event "CAN-ch U20 U1800"]
[Site "Toronto"]
[Date "2018.08.12"]
[Round "8.16"]
[White "Hua, Michelle"]
[Black "Zhou, Joey"]
[Result "1/2-1/2"]
[WhiteElo "1569"]
[BlackElo "1692"]
[PlyCount "74"]
[EventDate "2018.08.08"]
[EventType "swiss"]
[EventRounds "9"]
[EventCountry "CAN"]
[SourceTitle "EXT 2022"]
[Source "ChessBase"]
[SourceDate "2021.10.06"]
[SourceVersion "1"]
[SourceVersionDate "2021.10.06"]
[SourceQuality "1"]

1. c4 Nf6 2. g3 g6 3. Bg2 Bg7 4. Nc3 c5 5. d3 Nc6 6. e4 d6 7. Nge2 0-0 8. 0-0 Nd7 9. Be3 Rb8 10. Qd2 Nde5 11. f4 Ng4 12. Bf2 Nxf2 13. Rxf2 Nd4 14. Raf1 Bg4 15. h3 Bxe2 16. Nxe2 b5 17. b3 a5 18. Rb1 bxc4 19. dxc4 a4 20. Qd1 axb3 21. axb3 Qa5 22. Rf1 Rb6 23. Nxd4 Bxd4+ 24. Kh1 Rfb8 25. Rf3 Rb4 26. Qc2 Qb6 27. Bf1 Ra8 28. Be2 Ra3 29. Bd1 Qa7 30. Qd3 Qa5 31. Bc2 Ra1 32. Rff1 Ra2 33. g4 Qd8 34. f5 Kg7 35. fxg6 hxg6 36. Rf3 e5 37. Rbf1 Rb7 1/2-1/2

[Event "Ontario-ch U20 U1800"]
[Site "Mississauga"]
[Date "2018.01.28"]
[Round "4"]
[White "Gao, Raymond"]
[Black "Hua, Michelle"]
[Result "1-0"]
[WhiteElo "1661"]
[BlackElo "1535"]
[PlyCount "69"]
[EventDate "2018.01.27"]
[EventType "swiss"]
[EventRounds "5"]
[EventCountry "CAN"]
[SourceTitle "EXT 2022"]
[Source "ChessBase"]
[SourceDate "2021.10.06"]
[SourceVersion "1"]
[SourceVersionDate "2021.10.06"]
[SourceQuality "1"]

1. e4 c5 2. Nf3 d6 3. Bb5+ Bd7 4. Bxd7+ Qxd7 5. c4 Nf6 6. Nc3 g6 7. d4 cxd4 8. Nxd4 Bg7 9. f3 Nc6 10. Be3 0-0 11. 0-0 Rac8 12. b3 Rfd8 13. Qd2 e6 14. Rfd1 d5 15. Nxc6 bxc6 16. e5 Ne8 17. f4 f6 18. exf6 Nxf6 19. Rac1 Ng4 20. Bd4 Bxd4+ 21. Qxd4 c5 22. Qd3 d4 23. Ne4 Kg7 24. Rd2 Ne3 25. Re1 Qe7 26. Ng5 h6 27. Nf3 Rf8 28. Nxd4 Rcd8 29. Qxe3 cxd4 30. Rxd4 Rxd4 31. Qxd4+ Kh7 32. g3 Rd8 33. Qe4 Qc5+ 34. Qe3 Rd4 35. Kf1 1-0

[Event "Windsor NAYCC U08 Girls"]
[Site "Windsor"]
[Date "2016.08.07"]
[Round "1.175"]
[White "Rajaram, Anika"]
[Black "Hua, Michelle"]
[Result "1/2-1/2"]
[WhiteElo "1420"]
[BlackElo "1039"]
[PlyCount "89"]
[EventDate "2016.08.07"]
[EventType "swiss"]
[EventRounds "9"]
[EventCountry "CAN"]
[SourceTitle "EXT 2022"]
[Source "ChessBase"]
[SourceDate "2021.10.06"]
[SourceVersion "1"]
[SourceVersionDate "2021.10.06"]
[SourceQuality "1"]

1. c4 c5 2. g3 g6 3. Bg2 Bg7 4. Nc3 Nc6 5. a3 a6 6. Rb1 d6 7. b4 Bf5 8. e4 Bd7 9. Nf3 Nf6 10. 0-0 0-0 11. d3 Bg4 12. bxc5 dxc5 13. Rxb7 Rb8 14. Rxb8 Qxb8 15. Bf4 e5 16. Be3 Qd6 17. Na4 Nd4 18. Bxd4 cxd4 19. c5 Qe6 20. Qc2 Rc8 21. Rb1 Nd7 22. Rc1 Qc6 23. Qc4 Bxf3 24. Bxf3 Bf8 25. Bg4 Rc7 26. Bxd7 Rxd7 27. Nb6 Rc7 28. Nd5 Rc8 29. Nb4 Qxc5 30. Qxc5 Rxc5 31. Rxc5 Bxc5 32. Nxa6 Bxa3 33. Nb8 f5 34. exf5 gxf5 35. Nc6 Bd6 36. Kg2 Kg7 37. Kf3 Kf6 38. h4 h5 39. Na5 Ke6 40. Nc4 Kd5 41. Nxd6 Kxd6 42. Ke2 Kd5 43. f3 e4 44. f4 exd3+ 45. Kxd3 1/2-1/2

[Event "CAN-ch U08 Girls"]
[Site "Windsor"]
[Date "2016.07.08"]
[Round "6.133"]
[White "Qu, Greta"]
[Black "Hua, Michelle"]
[Result "0-1"]
[WhiteElo "827"]
[BlackElo "851"]
[PlyCount "78"]
[EventDate "2016.07.05"]
[EventType "swiss"]
[EventRounds "7"]
[EventCountry "CAN"]
[SourceTitle "EXT 2022"]
[Source "ChessBase"]
[SourceDate "2021.10.06"]
[SourceVersion "1"]
[SourceVersionDate "2021.10.06"]
[SourceQuality "1"]

1. e4 d5 2. exd5 Qxd5 3. Nc3 Qa5 4. d4 Nf6 5. Nf3 Bg4 6. h3 Bh5 7. Be2 Nc6 8. Be3 0-0-0 9. Qd2 Bxf3 10. Bxf3 Nxd4 11. Bxd4 e5 12. Bb6 Qxb6 13. Qc1 Bb4 14. 0-0 Rhe8 15. Rd1 Bxc3 16. bxc3 e4 17. Be2 e3 18. Rxd8+ Kxd8 19. f3 Qc5 20. Qd1+ Qd6 21. Qxd6+ cxd6 22. Rd1 Kc7 23. Kh2 Kc6 24. a4 a6 25. Kg3 Nd5 26. Bc4 Nxc3 27. Bxf7 Nxd1 28. Bxe8+ Kd5 29. Bf7+ Kd4 30. Bc4 Kxc4 31. Kf4 e2 32. Kg4 e1Q 33. Kf4 Qh4+ 34. Kf5 Ne3+ 35. Ke6 Qf6+ 36. Kd7 Kc5 37. Kc7 Qe7+ 38. Kc8 Kb6 39. Kb8 Qd8# 0-1